000
00200 a2200097 4500
001
48195
100
_a
Iqbal
245
_a
Asrar wa Ramooz
260
_a
Karachi
_b
Ghulam Ali
_c
090
_c
31159
_d
31159
942
_a
NUST-CAE
_c
M
_c
23513
999
_c
283268
_d
283268